Top 10 Hebrew Speaking Countries - Statistics

General Stats
  • This quiz has been taken 164 times
  • The average score is 8 of 10
Answer Stats
Hint Answer % Correct
9 Million speakers Israel
100%
220,000/300,000 United States of America
99%
50,000 United Kingdom
94%
60,000 Canada
90%
200,000 France
90%
50,000 Russia
85%
20,000/30,000 Deutschland
84%
20,000 Australia
68%
40,000 Argentina
58%
15,000 South Africa
32%
No matching quizzes found
Score Distribution
Percent of People with Each Score
Percentile by Number Answered
Your Score History
You have not taken this quiz